Guía turística de Zaragoza / (Record no. 74589)
[ view plain ]
| 000 -LEADER | |
|---|---|
| campo de control de longitud fija | 00548nam a2200181 i 4500 |
| 001 - NÚMERO DE CONTROL | |
| campo de control | 74589 |
| 003 - IDENTIFICADOR DE NÚMERO DE CONTROL | |
| campo de control | ES-MaACL |
| 005 - FECHA Y HORA DE LA ÚLTIMA TRANSACCIÓN | |
| campo de control | 20230906172159.0 |
| 007 - CAMPO FIJO DE DESCRIPCIÓN FÍSICA--INFORMACIÓN GENERAL | |
| campo de control de longitud fija | t| |
| 008 - DATOS DE LONGITUD FIJA--INFORMACIÓN GENERAL | |
| campo de control de longitud fija | 040920s1970 sp ||||1| spa d |
| 100 1# - ENTRADA PRINCIPAL--NOMBRE DE PERSONA | |
| Nombre de persona | González López, Ramiro. |
| 9 (RLIN) | 58766 |
| 245 10 - MENCIÓN DEL TÍTULO | |
| Título | Guía turística de Zaragoza / |
| Mención de responsabilidad, etc. | Ramiro González y López. |
| 250 ## - MENCION DE EDICION | |
| Mención de edición | ed. 1970-1971. |
| 260 ## - PUBLICACIÓN, DISTRIBUCIÓN, ETC. | |
| Lugar de publicación, distribución, etc. | Zaragoza : |
| Nombre del editor, distribuidor, etc. | [s.n., |
| Fecha de publicación, distribución, etc. | 1970] ( |
| Fabricante | Tip. Línea) |
| 300 ## - DESCRIPCIÓN FÍSICA | |
| Extensión | 262 p. : |
| Otras características físicas | il. ; |
| Dimensiones | 22 cm. |
| 651 #4 - PUNTO DE ACCESO ADICIONAL DE MATERIA--NOMBRE GEOGRÁFICO | |
| Nombre geográfico | Zaragoza- |
| Subdivisión de forma | Guías turísticas. |
| 9 (RLIN) | 155395 |
| 852 ## - LOCALIZACIÓN | |
| Ubicación | ES-MaACL |
| Número de control de estantería | C-44653 |
| Sublocalización o colección | R.75017 |
| Estatus retirado | Estado de pérdida | Estado de daño | No para préstamo | Biblioteca de origen | Biblioteca actual | Ubicación en estantería | Fecha de adquisición | Fuente de adquisición | Total de préstamos | Signatura topográfica completa | Código de barras | Visto por última vez | Precio de reemplazo | Tipo de ítem Koha |
|---|---|---|---|---|---|---|---|---|---|---|---|---|---|---|
| Biblioteca del Ateneo de Madrid | Biblioteca del Ateneo de Madrid | Depósito 2 | 17/01/2008 | C-44653 | 1078078 | 23/02/2023 | 23/02/2023 | Libro impreso |
